Algorithmic Trading

Guardat en:
Dades bibliogràfiques
Autor principal: Ernest Chan
Format: Llibre
Publicat: Wiley
Matèries:
Etiquetes: Afegir etiqueta
Sense etiquetes, Sigues el primer a etiquetar aquest registre!

MARC

LEADER 00000nam a2200000Ia 4500
005 20260427112709.0
526 |b FinTech 
100 |a Ernest Chan 
020 |a 9781118460146 
650 |a Trading 
526 |a Masters 
942 |c BK 
245 |a Algorithmic Trading 
260 |b Wiley 
999 |c 77  |d 77 
952 |0 0  |1 0  |4 0  |7 0  |8 3  |a BRISTOL  |b BRISTOL  |d 2026-04-22  |l 0  |p 000093  |r 2026-04-27 11:27:09  |w 2026-04-27  |y BK